Garth Marenghi's Darkplace - Statistics

General Stats
  • This quiz has been taken 48 times
  • The average score is 10 of 15
Answer Stats
Question Answer % Correct
How many episodes were screened on its first UK run in 2004? Six
95%
Which college does Liz claim to have graduated from? Harvard College Yale
86%
On which channel did the show appear on its first UK broadcast? Channel 4
84%
What is Dr. Sanchez's first name? Lucien
84%
What name does Dagless give to the 'eyechild' born in Episode 3 Skipper
81%
The alien infestation in episode 6 resembled which vegetable? Broccoli
76%
What is the name of the hospital where most of the action takes place? Darkplace Hospital
76%
What is the name of the unseen hospital administrator that Reed answers to? Won Ton
76%
Which song does actor Todd Rivers perform in Episode 6? One Track Lover
68%
The show originally 'enjoyed a brief run' in which country? Peru
68%
What is Liz's surname? Asher
59%
Which English county does the show take place in? Essex
54%
What is the name of Garth's publisher, who financed the show and starred in it? Dean Learner
46%
Which actress from the show is 'missing, presumed dead'? Madeleine Wool
46%
Where did Thornton Reed lose a testicle? The Korean War
30%
No matching quizzes found
Score Distribution
Percent of People with Each Score
Percentile by Number Answered
Your Score History
You have not taken this quiz